National teams of Women's Euro 2025 - Statistics

General Stats
  • This quiz has been taken 29 times
  • The average score is 15 of 16
Answer Stats
Answer % Correct
Germany
100%
Poland
100%
Spain
100%
Switzerland
100%
Finland
95%
France
95%
Sweden
95%
Belgium
90%
England
90%
Iceland
90%
Norway
90%
Portugal
90%
Denmark
85%
Italy
85%
Netherlands
85%
Wales
80%
No matching quizzes found
Score Distribution
Percent of People with Each Score
Percentile by Number Answered
Your Score History
You have not taken this quiz